000 00710nam a2200241 i 4500
001 16115
003 ES-MaACL
005 20250702063034.0
007 t|
008 000626s1999 sp ||||1| spa d
020 _a84-89846-93-6
080 _a821.111-31"18"
100 1 _aBrontë, Charlotte,
_d1816-1855
_9241146
245 1 0 _aShirley
_b: un relato /
_cCharlotte Brontë ; traducción Gema Moral Bartolomé.
250 _a1ª ed.
260 _aBarcelona :
_bAlba,
_c1999.
300 _a748 p. ;
_c21 cm.
490 1 _aAlba clásica ;
_v30
700 1 _aMoral, Gemma.
_982934
830 0 _aAlba clásica ;
_v30
_9179792
852 _aES-MaACL
_jL-23337
_bR.128433
999 _c16115
_d16115